000 00504nam a2200169 i 4500
001 180520
003 ES-MaACL
005 20230906221123.0
008 120611s1853 fr |||| | fre d
080 _a821.133.1-4"18"
100 1 _aBalzac, Honoré de,
_d1799-1850
_925139
245 1 0 _aTraité de la vie élégante /
_cH. de Balzac.
260 _aParis :
_bLibrairie Nouvelle,
_c1853.
300 _a95 p. ;
_c15 cm.
852 _aES-MaACL
_jD-4007
_z.- Legado M. de la Fuente
999 _c180520
_d180520